El capitán Chubascos (Record no. 164512)

MARC details
000 -LEADER
campo de control de longitud fija 01239nam a22002295i 4500
001 - NÚMERO DE CONTROL
campo de control 164512
003 - IDENTIFICADOR DE NÚMERO DE CONTROL
campo de control ES-MaACL
005 - FECHA Y HORA DE LA ÚLTIMA TRANSACCIÓN
campo de control 20251011165010.0
008 - DATOS DE LONGITUD FIJA--INFORMACIÓN GENERAL
campo de control de longitud fija 020325s1872 sp |||| | spa d
040 ## - FUENTE DE CATALOGACIÓN
Centro catalogador/agencia de origen CAM
Lengua de catalogación spa
Centro/agencia transcriptor CAM
100 0# - ENTRADA PRINCIPAL--NOMBRE DE PERSONA
Nombre de persona San Martín, Antonio de,
Fechas asociadas al nombre 1841-1887
9 (RLIN) 102257
245 13 - MENCIÓN DEL TÍTULO
Título El capitán Chubascos
Resto del título : zarzuela en un acto y en prosa /
Mención de responsabilidad, etc. arreglada del francés por Antonio de San Martín y Alfredo Guerra Arderius ; música del maestro M. Nieto.
260 ## - PUBLICACIÓN, DISTRIBUCIÓN, ETC.
Lugar de publicación, distribución, etc. Madrid :
Nombre del editor, distribuidor, etc. Administración de la Galería, teatro de la Zarzuela,
Fecha de publicación, distribución, etc. 1872 (
Fabricante Imprenta de José Rodriguez)
300 ## - DESCRIPCIÓN FÍSICA
Extensión 22 p. ;
Dimensiones 20 cm.
500 #1 - NOTA GENERAL
Nota general En port.: Estrenada con notable éxito en el Teatro-Circo de Madrid, la noche del 4 de setiembre de 1872.
500 ## - NOTA GENERAL
Nota general Solo la letra.
596 #1 - NOTA AL PIE DE IMPRENTA
NOTA AL PIE DE IMPRENTA En verso de port. consta: "... de la galería literaria, lírica y dramática de Los Bufos Arderius ..."
700 1# - ENTRADA AGREGADA--NOMBRE PERSONAL
Nombre de persona Guerra Arderius, Alfredo.
9 (RLIN) 127602
700 1# - ENTRADA AGREGADA--NOMBRE PERSONAL
Nombre de persona Nieto, Manuel,
Fechas asociadas al nombre 1844-1915
9 (RLIN) 130485
852 ## - LOCALIZACIÓN
Ubicación ES-MaACL
Número de control de estantería F-8558(1)
Nota libre -- Enc. pasta española
-- -- Enc. en un vol. facticio formando parte de la col. "Teatro español moderno" v. 10
-- .- Dedicatoria manuscrita a Leopoldo Ortega de Alfredo Guerra
Holdings
Estatus retirado Estado de pérdida Estado de daño No para préstamo Colección Biblioteca de origen Biblioteca actual Ubicación en estantería Fecha de adquisición Total de préstamos Signatura topográfica completa Código de barras Visto por última vez Precio de reemplazo Tipo de ítem Koha
        Libros del s. XIX Biblioteca del Ateneo de Madrid Biblioteca del Ateneo de Madrid Sala Pecera Planta 2 17/01/2008   F-8558(1) 1172447 23/02/2023 23/02/2023 Libro impreso antiguo